000 00561nam a2200193Ia 4500
005 20250326142551.0
008 250326s9999 xx 000 0 und d
020 _a0-09-174730-1
037 _aTextbook
040 _aFMSL
_beng
_cFMSL
041 _aeng
_2eng
084 _aX:74 N0
_qFMSL
100 _aDilenschneider R L
_9746237
245 0 _aPower and influence : mastering the art of persuation
_cDilenschneider R L
260 _aLondon
_bLondon, Business Book
_c1990
300 _a258p
942 _cTB
_hX:74 N0
999 _c1295622
_d1295622